Getting the measures of trade misinvoicing right: bilateral panel data approach

Salvato in:
Dettagli Bibliografici
Autore principale: Dujava, Daniel
Altri autori: Širaňová, Mária
Natura: Capitolo di libro
Lingua:inglese
Soggetti:
Tags: Aggiungi Tag
Nessun Tag, puoi essere il primo ad aggiungerne!!

MARC

LEADER 00000nla a2200000 4500
001 0240099
005 20240502073908.6
041 0 |a eng 
044 |a SK 
245 1 0 |a Getting the measures of trade misinvoicing right: bilateral panel data approach  |c Daniel Dujava, Maria Siranova 
500 |a Abstrakt 
610 2 0 |a faktúry 
610 2 0 |a únik kapitálu 
610 2 0 |a politika daňová 
610 2 0 |a opatrenia 
100 1 |a Dujava, Daniel 
700 1 |a Širaňová, Mária